000 00688nam a2200205 a 4500
001 000015013
005 20200929163934.0
008 100129s2007 dr c 000 0 spa d
040 _aDO-SdBNP
_bspa
_cBNPHU
082 _a362
_bO77m
100 1 _aOrtíz Frías, Sagrario
_933982
245 1 0 _aMadres solteras con familias felices y efectivas /
_cSagrario Ortíz Frías.
260 _aSanto Domingo :
_b[s.n.],
_c2007.
300 _a132 p. :
_bretr. ;
_c21 cm.
500 _aIncluye datos biográficos de la autora en la contracubierta
650 4 _aMadres solteras
_933983
650 4 _aEducación en el hogar
_9798
650 4 _aValores (filosofía)
_xEnseñanza
_912690
049 _aBNPD
999 _c14586
_d14586